[Event "DSOL 04 Liga Gr-C 1st"]
[Site "Playchess.com INT"]
[Date "2020.08.03"]
[Round "7.4"]
[White "Walther, Konrad"]
[Black "Zachmann, Katja"]
[Result "1-0"]
[WhiteElo "1304"]
[BlackElo "1000"]
[PlyCount "65"]
[EventDate "2020.06.22"]
[EventType "team-tourn (rapid)"]
[EventCountry "GER"]
[SourceTitle "EXT 2021"]
[Source "ChessBase"]
[SourceDate "2020.10.23"]
[SourceVersion "1"]
[SourceVersionDate "2020.10.23"]
[SourceQuality "1"]
[WhiteTeam "Erbach"]
[BlackTeam "Neustadt Post"]
[WhiteTeamCountry "GER"]
[BlackTeamCountry "GER"]

1. d4 d5 2. c4 Nf6 3. Nf3 c6 4. Bf4 e6 5. Nc3 Be7 6. e3 0-0 7. Bd3 a6 8. cxd5 cxd5 9. h3 Nc6 10. 0-0 Bd7 11. Rc1 Rc8 12. Ne5 Nxe5 13. Bxe5 Ne8 14. Qh5 g6 15. Qf3 Bf6 16. Bf4 Bg7 17. Rc2 Nc7 18. Rfc1 Bc6 19. Qg3 Qd7 20. h4 h5 21. Na4 Na8 22. Nc5 Qe7 23. Bd6 Qe8 24. Bxf8 Bxf8 25. Be2 Kh7 26. b3 Bxc5 27. Rxc5 Nb6 28. Bd3 Nd7 29. R5c2 Nf6 30. Qd6 Qd7 31. Qxd7 Bxd7 32. Rxc8 Bxc8 33. Rxc8 1-0